000 01038cam a22002054a 4500
005 20250605164019.0
008 250528s ||||||||||||||||||||||||d
035 _a16263
020 _a201513188
040 _aGR-AtMCL
_bgre
_dGR-AtMCL
_eAACR2
245 1 _aIntroduction to PSpice / A Supplement to Electric Circuits: Fourth Edition
260 _bAddison-Wesley Publishing Company,
_c1993
300 _a164
520 _aPSpice in General, Data Statements for DC Analysis, Control Statements for DC Analysis, Output Statements for DC Analysis, Operational Amplifiers, Inductors and Capacitors, Time-Dependent Circuit Response, Switches, Step Response, Varying Component Values, Sinusoidal Steady-State Analysis, Computing AC Power with Probe, Mutual Inductance, Ideal Transformers, Frequency Response, Pulsed Sources, Fourier Series, Summary, Appendices, ProblemS, Answers to Selected Problems, Index.
700 1 _aNilsson James W
_92343
700 1 _aRiedel Susan A
_92344
942 _cBK
999 _c1781
_d1781